[Event "19th EUR-ch"]
[Site "Batumi GEO"]
[Date "2018.03.21"]
[Round "5.45"]
[White "Kobo, Ori"]
[Black "Movsesian, Sergei"]
[Result "1/2-1/2"]
[WhiteElo "2500"]
[BlackElo "2632"]
[EventDate "2018.03.17"]
[PlyCount "40"]

1.Nf3 d5 2.g3 Bg4 3.Bg2 c6 4.O-O e6 5.d3 Nd7 6.h3 Bh5 7.e4 Bd6 8.exd5 cxd5
9.c4 Ne7 10.Nc3 O-O 11.cxd5 exd5 12.g4 Bg6 13.Nh4 d4 14.Ne4 Bxe4 15.Bxe4 
Nc5 16.Bg2 Qb6 17.b3 Qa6 18.Bb2 Nxd3 19.Bxd4 Nf4 20.Re1 Nxg2 1/2-1/2

[Event "19th EUR-ch"]
[Site "Batumi GEO"]
[Date "2018.03.21"]
[Round "5.46"]
[White "Lupulescu, Constantin"]
[Black "Hakobyan, Aram"]
[Result "1/2-1/2"]
[WhiteElo "2627"]
[BlackElo "2497"]
[EventDate "2018.03.17"]
[PlyCount "35"]

1.d4 Nf6 2.Nf3 b6 3.Bf4 Bb7 4.c4 e6 5.e3 Bb4+ 6.Nfd2 O-O 7.a3 Be7 8.Nc3 
Re8 9.Bd3 Bxg2 10.Rg1 Bb7 11.Qc2 d5 12.O-O-O c5 13.Bh6 Bf8 14.Bg5 cxd4 15.
exd4 Be7 16.Bh6 Bf8 17.Bg5 Be7 18.Bh6 1/2-1/2

[Event "19th EUR-ch"]
[Site "Batumi GEO"]
[Date "2018.03.21"]
[Round "5.47"]
[White "Oparin, Grigoriy"]
[Black "Gabrielian, Artur"]
[Result "1/2-1/2"]
[WhiteElo "2622"]
[BlackElo "2493"]
[EventDate "2018.03.17"]
[PlyCount "88"]

1.e4 c5 2.Nf3 d6 3.d4 cxd4 4.Nxd4 Nf6 5.Nc3 Nc6 6.Bg5 e6 7.Qd2 a6 8.O-O-O 
Bd7 9.f3 Nxd4 10.Qxd4 Be7 11.Kb1 Qc7 12.g4 h5 13.gxh5 Nxh5 14.h4 Rc8 15.
Qd2 b5 16.Bd3 b4 17.Ne2 a5 18.f4 Rb8 19.Rhf1 a4 20.e5 d5 21.f5 Bxg5 22.
hxg5 exf5 23.Bxf5 Bxf5 24.Rxf5 g6 25.Rf3 O-O 26.Nd4 b3 27.axb3 axb3 28.
Rxb3 Rxb3 29.Nxb3 Qxe5 30.Qxd5 Qe2 31.Qd2 Qg4 32.Re1 Rc8 33.Re5 Ng7 34.Qd4
Qg2 35.Qe4 Qg1+ 36.Qe1 Qg2 37.Nd4 Rd8 38.c3 Rb8 39.Qc1 Nh5 40.Re2 Qg4 41.
Qe3 Nf4 42.Qe5 Rxb2+ 43.Rxb2 Qd1+ 44.Ka2 Qa4+ 1/2-1/2

[Event "19th EUR-ch"]
[Site "Batumi GEO"]
[Date "2018.03.21"]
[Round "5.49"]
[White "Abasov, Nijat"]
[Black "Girya, Olga"]
[Result "1-0"]
[WhiteElo "2608"]
[BlackElo "2482"]
[EventDate "2018.03.17"]
[PlyCount "81"]

1.e4 c6 2.d4 d5 3.e5 Bf5 4.Nc3 e6 5.g4 Bg6 6.Nge2 c5 7.h4 h5 8.Nf4 Bh7 9.
g5 cxd4 10.Nb5 Be4 11.f3 Bf5 12.Nxd4 Ne7 13.Nxf5 Nxf5 14.Bd3 g6 15.Bxf5 
gxf5 16.Qe2 Qb6 17.Nd3 Bc5 18.c3 Nc6 19.b4 Be7 20.Be3 d4 21.Bf2 Qb5 22.
Bxd4 Nxd4 23.cxd4 Rd8 24.Kf2 Rxd4 25.Rad1 O-O 26.Nf4 Qxe2+ 27.Nxe2 Rxb4 
28.Kg3 Bc5 29.Rd3 Rc8 30.Rh2 Bb6 31.Nf4 Rd4 32.Rhd2 Rxd3 33.Rxd3 Rc5 34.
Nxh5 Rxe5 35.Rd7 Re2 36.Rxb7 Bd4 37.Rd7 Bg7 38.Rxa7 Rb2 39.Nxg7 Kxg7 40.h5
Kg8 41.Kf4 1-0

[Event "19th EUR-ch"]
[Site "Batumi GEO"]
[Date "2018.03.21"]
[Round "5.50"]
[White "Martinovic, Sasa"]
[Black "Neverov, Valeriy"]
[Result "1-0"]
[WhiteElo "2604"]
[BlackElo "2480"]
[EventDate "2018.03.17"]
[PlyCount "97"]

1.d4 Nf6 2.c4 g6 3.f3 c5 4.d5 d6 5.e4 Bg7 6.Ne2 e6 7.Bg5 exd5 8.cxd5 b5 9.
Ng3 Bd7 10.Be2 Na6 11.O-O O-O 12.a4 Nc7 13.Na3 a6 14.Qd2 Qb8 15.b3 Rc8 16.
Rab1 Ra7 17.b4 cxb4 18.Qxb4 Nfe8 19.Be3 a5 20.Qb3 b4 21.Nc4 Na6 22.Bxa7 
Qxa7+ 23.Kh1 Bc3 24.Qa2 Nc5 25.Bd1 Qa6 26.Ne2 Bg7 27.Nd2 Qd3 28.Qc2 Qxc2 
29.Bxc2 Nxa4 30.Bxa4 Bxa4 31.Nb3 Bb5 32.Rfc1 Ra8 33.Ned4 Bd3 34.Ra1 a4 35.
Ra2 Kf8 36.Nc6 axb3 37.Rxa8 b2 38.Rg1 Bh6 39.Nxb4 b1=Q 40.Rxb1 Bxb1 41.Ra1
Bxe4 42.fxe4 Nf6 43.Ra8+ Kg7 44.e5 dxe5 45.d6 e4 46.Ra7 Bd2 47.Nc2 Kf8 48.
Nd4 Ke8 49.Nc6 1-0

[Event "19th EUR-ch"]
[Site "Batumi GEO"]
[Date "2018.03.21"]
[Round "5.51"]
[White "Jojua, Davit"]
[Black "Firat, Burak"]
[Result "1/2-1/2"]
[WhiteElo "2601"]
[BlackElo "2453"]
[EventDate "2018.03.17"]
[PlyCount "67"]

1.d4 Nf6 2.Nf3 g6 3.Bf4 Bg7 4.e3 d5 5.Be2 O-O 6.O-O Nh5 7.Be5 f6 8.Bg3 
Nxg3 9.hxg3 e5 10.c4 exd4 11.Nxd4 dxc4 12.Bxc4+ Kh8 13.Nc3 a6 14.b4 f5 15.
Qb3 Nc6 16.Nxc6 bxc6 17.Rad1 Qe7 18.Na4 a5 19.a3 axb4 20.axb4 Be5 21.Nc5 
Bd6 22.Rfe1 h5 23.f4 Kh7 24.Qc3 Re8 25.Kh2 Qg7 26.Rd4 Bxc5 27.bxc5 Be6 28.
e4 fxe4 29.Rexe4 Bf5 30.Re3 Rxe3 31.Qxe3 Qf8 32.Qe5 Qg7 33.Qe3 Qf8 34.Qe5 
1/2-1/2

[Event "19th EUR-ch"]
[Site "Batumi GEO"]
[Date "2018.03.21"]
[Round "5.52"]
[White "Sargsian, Shant"]
[Black "Hracek, Zbynek"]
[Result "1/2-1/2"]
[WhiteElo "2481"]
[BlackElo "2589"]
[EventDate "2018.03.17"]
[PlyCount "31"]

1.d4 Nf6 2.Nf3 e6 3.c4 b6 4.g3 Ba6 5.b3 Bb4+ 6.Bd2 Be7 7.Nc3 c6 8.e4 d5 9.
Bd3 dxc4 10.bxc4 e5 11.O-O exd4 12.Ne2 Nfd7 13.Nexd4 Ne5 14.Be2 Nxf3+ 15.
Nxf3 O-O 16.Bc3 1/2-1/2

[Event "19th EUR-ch"]
[Site "Batumi GEO"]
[Date "2018.03.21"]
[Round "5.53"]
[White "Svane, Rasmus"]
[Black "Muradli, Mahammad"]
[Result "1-0"]
[WhiteElo "2587"]
[BlackElo "2398"]
[EventDate "2018.03.17"]
[PlyCount "87"]

1.Nf3 Nf6 2.g3 g6 3.d4 Bg7 4.Bg2 O-O 5.O-O d6 6.b3 Nc6 7.Bb2 e5 8.dxe5 Ng4
9.Nc3 Ngxe5 10.Nxe5 Nxe5 11.Qd2 c6 12.Ba3 Re8 13.Bxd6 Nc4 14.bxc4 Bxc3 15.
Qxc3 Qxd6 16.e3 Bf5 17.c5 Qe6 18.Rfd1 Rad8 19.Rd4 Rxd4 20.exd4 Qf6 21.Qd2 
Bg4 22.Bf1 Bf3 23.c3 Qf5 24.Re1 Rxe1 25.Qxe1 Bd5 26.c4 Be6 27.Qd1 b6 28.
cxb6 axb6 29.a3 h5 30.h4 Qa5 31.Qc1 Qa4 32.Bd3 Qb3 33.Be4 Qa4 34.d5 cxd5 
35.Bxd5 Qd7 36.Qe3 Bxd5 37.cxd5 Qxd5 38.Qxb6 Qd1+ 39.Kh2 Qc2 40.Qd4 Qa2 
41.a4 Kh7 42.Kg2 Qa3 43.Qa7 Qa2 44.Qa8 1-0

[Event "19th EUR-ch"]
[Site "Batumi GEO"]
[Date "2018.03.21"]
[Round "5.54"]
[White "Bashirli, Nail"]
[Black "Lopez Martinez, Josep Manuel"]
[Result "0-1"]
[WhiteElo "2384"]
[BlackElo "2584"]
[EventDate "2018.03.17"]
[PlyCount "122"]

1.e4 e5 2.Nf3 Nc6 3.Bb5 a6 4.Ba4 g6 5.c3 d6 6.O-O Bg7 7.d4 Bd7 8.dxe5 dxe5
9.Bg5 Nge7 10.Na3 h6 11.Be3 O-O 12.Qe2 Qe8 13.Rad1 Rd8 14.Bb3 Kh7 15.Rfe1 
Bc8 16.Bd5 Nxd5 17.exd5 Ne7 18.Nc4 Rxd5 19.Rxd5 Nxd5 20.Bc5 f6 21.Bxf8 
Qxf8 22.Ne3 Nf4 23.Qd2 Qf7 24.g3 Nh3+ 25.Kg2 e4 26.Ng1 Ng5 27.h4 Ne6 28.
Nd5 Nc5 29.Nf4 g5 30.Qd5 Qxd5 31.Nxd5 c6 32.Nb6 Bf5 33.Re3 gxh4 34.Ne2 h3+
35.Kh2 Nd3 36.Nd4 Bg6 37.Re2 f5 38.Ne6 Bh5 39.Rd2 Bg4 40.Nc4 Bf6 41.Ne3 h5
42.Nf4 Ne5 43.Rd6 Be7 44.Re6 Nf3+ 45.Kh1 Bg5 46.a4 Ne1 47.Nxg4 hxg4 48.Ne2
Nd3 49.Kg1 Kg7 50.Nd4 Kf7 51.Rd6 e3 52.fxe3 Bxe3+ 53.Kh2 Bxd4 54.Rxd4 Ne5 
55.Kh1 Ke6 56.a5 c5 57.Rd8 Nf3 58.Rf8 c4 59.Re8+ Kf7 60.Re3 f4 61.gxf4 Kf6
0-1

[Event "19th EUR-ch"]
[Site "Batumi GEO"]
[Date "2018.03.21"]
[Round "5.55"]
[White "Voit, Daria"]
[Black "Postny, Evgeny"]
[Result "1/2-1/2"]
[WhiteElo "2382"]
[BlackElo "2579"]
[EventDate "2018.03.17"]
[PlyCount "98"]

1.d4 d5 2.c4 c6 3.Nf3 Nf6 4.e3 Bf5 5.Nc3 e6 6.Nh4 Be4 7.f3 Bg6 8.Qb3 Qc7 
9.Bd2 Be7 10.Nxg6 hxg6 11.g3 a6 12.Rc1 dxc4 13.Bxc4 Nbd7 14.a4 a5 15.Kf2 
O-O 16.e4 Rad8 17.Be3 e5 18.dxe5 Qxe5 19.Kg2 Bc5 20.Bf4 Qe7 21.Rhd1 Nh5 
22.Ne2 Nxf4+ 23.Nxf4 Ne5 24.Bxf7+ Qxf7 25.Qxf7+ Kxf7 26.Rxd8 Rxd8 27.Rxc5 
Rd2+ 28.Kh3 Nxf3 29.Rxa5 Rxb2 30.e5 g5 31.e6+ Kf6 32.Nh5+ Kxe6 33.Nxg7+ 
Kf6 34.Rf5+ Kxg7 35.Rxf3 Rb4 36.Ra3 Kf6 37.a5 Kf5 38.Rc3 Ra4 39.Rc5+ Kf6 
40.g4 Re4 41.a6 bxa6 42.Rxc6+ Re6 43.Rc5 Re5 44.Rc6+ Re6 45.Rc5 Re3+ 46.
Kg2 Ra3 47.h3 a5 48.Rc6+ Kf7 49.Rc5 Kf6 1/2-1/2

[Event "19th EUR-ch"]
[Site "Batumi GEO"]
[Date "2018.03.21"]
[Round "5.56"]
[White "Petrosian, Manuel"]
[Black "Tutisani, Noe"]
[Result "1/2-1/2"]
[WhiteElo "2569"]
[BlackElo "2394"]
[EventDate "2018.03.17"]
[PlyCount "97"]

1.d4 Nf6 2.Nf3 g6 3.e3 Bg7 4.Be2 O-O 5.O-O d6 6.b3 a5 7.c4 e5 8.dxe5 Ng4 
9.Nc3 Nd7 10.Bb2 Ngxe5 11.Qc2 Nc5 12.Nxe5 Bxe5 13.Rad1 Bf5 14.Qc1 Re8 15.
Nb5 Bd7 16.Bf3 Bc6 17.Bd5 Bxd5 18.cxd5 Qd7 19.Nd4 Na6 20.Nf3 Bxb2 21.Qxb2 
Re4 22.a3 Nc5 23.Qc3 h6 24.Nd4 Re5 25.Qc4 Rae8 26.b4 axb4 27.axb4 Na4 28.
Qb5 Qxb5 29.Nxb5 Re4 30.Nxc7 Rc8 31.Nb5 Rxb4 32.Rb1 Rxb1 33.Rxb1 Nc3 34.
Nxc3 Rxc3 35.Kf1 Rc5 36.Rxb7 Rxd5 37.Ke2 Kf8 38.g4 h5 39.h3 hxg4 40.hxg4 
Rg5 41.f3 Ke8 42.Kd3 Rd5+ 43.Ke4 Re5+ 44.Kd4 g5 45.f4 gxf4 46.exf4 Re1 47.
g5 Kf8 48.f5 Re5 49.g6 1/2-1/2

[Event "19th EUR-ch"]
[Site "Batumi GEO"]
[Date "2018.03.21"]
[Round "5.57"]
[White "Hayrapetyan, Artavazd R."]
[Black "Stocek, Jiri"]
[Result "1/2-1/2"]
[WhiteElo "2370"]
[BlackElo "2567"]
[EventDate "2018.03.17"]
[PlyCount "170"]

1.d4 Nf6 2.Nf3 e6 3.e3 b6 4.Bd3 Bb7 5.Nbd2 c5 6.b3 cxd4 7.exd4 Nc6 8.a3 g6
9.Bb2 Bg7 10.O-O O-O 11.Re1 Rc8 12.Qe2 Nd5 13.g3 Nde7 14.Rac1 a5 15.c3 Qc7
16.a4 Nd5 17.Qf1 Nf6 18.Qh3 Ne7 19.Ba3 Rfe8 20.Ne5 Rcd8 21.Ne4 Bxe4 22.
Bxe4 d6 23.Nf3 Nxe4 24.Rxe4 Nd5 25.Ree1 Nf6 26.Rc2 e5 27.dxe5 dxe5 28.Qf1 
Nd5 29.Nd2 h5 30.c4 Ne7 31.Bxe7 Qxe7 32.c5 bxc5 33.Ne4 Rb8 34.Rxc5 Rxb3 
35.Rxa5 Qb4 36.Ra7 Ra3 37.Ng5 Rf8 38.Rb1 Qg4 39.Qc1 Rxa4 40.Rxa4 Qxa4 41.
Qc7 Qg4 42.h4 Bf6 43.Re1 Qb4 44.Rc1 Bxg5 45.hxg5 Qd2 46.Rc5 Qe1+ 47.Kg2 
Qe4+ 48.Kg1 Re8 49.Qd7 Ra8 50.Rc8+ Rxc8 51.Qxc8+ Kg7 52.Qd8 Qb1+ 53.Kg2 
Qb7+ 54.Kg1 Qb1+ 55.Kg2 Qf5 56.Qe7 e4 57.Kf1 Qd5 58.Ke2 Qd4 59.Ke1 Qd3 60.
Qc5 Qb1+ 61.Ke2 Qd3+ 62.Ke1 Qd8 63.Ke2 Qd7 64.Qe5+ Kh7 65.Ke1 Qc6 66.Kd2 
Qc4 67.Ke1 Kg8 68.Qe7 Qd4 69.Ke2 Kg7 70.Ke1 Qd3 71.Qc5 Qd8 72.Ke2 f5 73.
gxf6+ Kxf6 74.Qc3+ Kf5 75.Qe3 Qd5 76.Qf4+ Ke6 77.Qf8 Qd3+ 78.Ke1 Qf3 79.
Qc5 Kf6 80.Kf1 Qf5 81.Qf8+ Kg5 82.Qd8+ Kh6 83.Qh8+ Kg5 84.Qd8+ Qf6 85.Qd5+
Qf5 1/2-1/2

[Event "19th EUR-ch"]
[Site "Batumi GEO"]
[Date "2018.03.21"]
[Round "5.58"]
[White "Chigaev, Maksim"]
[Black "Oboladze, Luka"]
[Result "1/2-1/2"]
[WhiteElo "2560"]
[BlackElo "2318"]
[EventDate "2018.03.17"]
[PlyCount "101"]

1.Nf3 Nf6 2.g3 g6 3.Bg2 Bg7 4.O-O c5 5.b3 O-O 6.Bb2 d5 7.c4 dxc4 8.bxc4 
Nc6 9.d3 Ne8 10.Qc2 Bg4 11.Nbd2 Nd6 12.Bxg7 Kxg7 13.Qb2+ Kg8 14.Nb3 b6 15.
Ne5 Nxe5 16.Qxe5 Rc8 17.a4 a5 18.Rfb1 Qd7 19.Nc1 Rb8 20.Na2 f6 21.Qe3 Nf5 
22.Qd2 Nd4 23.Nc3 Nc6 24.Bxc6 Qxc6 25.Rb2 Be6 26.Rab1 Rb7 27.Qe3 Rfb8 28.
f3 Bf7 29.Rb5 Be8 30.R5b3 Qd6 31.Kf2 Kg7 32.R3b2 Bc6 33.Qf4 Qd7 34.Nb5 Rd8
35.h4 Qh3 36.Rg1 Qh2+ 37.Rg2 Qh1 38.Nc3 Qh3 39.Kg1 Qd7 40.Nb5 e5 41.Qe3 
Qe6 42.Kh2 f5 43.Rg1 Bxb5 44.Rxb5 Rd6 45.Rgb1 Re7 46.Qc1 Qf6 47.Qg5 Ree6 
48.Qxf6+ Kxf6 49.Kg2 Ke7 50.Kf2 Kd7 51.R5b3 1/2-1/2

[Event "19th EUR-ch"]
[Site "Batumi GEO"]
[Date "2018.03.21"]
[Round "5.59"]
[White "Arabidze, Meri"]
[Black "Moiseenko, Vadim"]
[Result "1/2-1/2"]
[WhiteElo "2369"]
[BlackElo "2552"]
[EventDate "2018.03.17"]
[PlyCount "140"]

1.d4 d5 2.c4 dxc4 3.Nf3 a6 4.e3 Bg4 5.Bxc4 e6 6.h3 Bh5 7.Nc3 Nc6 8.Be2 Nf6
9.O-O Bd6 10.a3 Bg6 11.Nh4 Ne7 12.Nxg6 Nxg6 13.Qb3 Rb8 14.Rd1 c6 15.e4 Bf4
16.d5 Qd7 17.Bxf4 Nxf4 18.Bxa6 O-O 19.dxc6 Qxc6 20.Bb5 Qb6 21.Bc4 Qc7 22.
Bf1 h5 23.Rac1 Qe7 24.Qb6 Rbc8 25.Qe3 e5 26.g3 Ne6 27.Nd5 Nxd5 28.exd5 
Rxc1 29.Rxc1 Nd4 30.Bg2 Nf5 31.Qf3 g6 32.Qe4 h4 33.g4 Nd6 34.Qe3 f5 35.Qh6
Qf6 36.g5 Qf7 37.Qxh4 f4 38.Qg4 e4 39.Qe6 Qxe6 40.dxe6 Re8 41.Bf1 Kf8 42.
Rc5 Rxe6 43.b4 e3 44.fxe3 Rxe3 45.Rd5 Ne4 46.Rd3 Re1 47.Rf3 Nxg5 48.Rxf4+ 
Ke7 49.Kf2 Ra1 50.h4 Ne6 51.Rg4 Ra2+ 52.Kg1 Kf6 53.Bc4 Rxa3 54.Bxe6 Kxe6 
55.Rxg6+ Kf5 56.Rg5+ Kf4 57.Kf2 Rh3 58.Rh5 Rh2+ 59.Ke1 Ke3 60.Kf1 Kf3 61.
Rf5+ Kg4 62.Rb5 Kxh4 63.Rxb7 Kg5 64.b5 Kf6 65.b6 Rb2 66.Rb8 Ke7 67.Ke1 Kd7
68.Kd1 Kc6 69.Kc1 Rxb6 70.Rxb6+ Kxb6 1/2-1/2

[Event "19th EUR-ch"]
[Site "Batumi GEO"]
[Date "2018.03.21"]
[Round "5.60"]
[White "Davtian, Artur"]
[Black "Lomasov, Semen"]
[Result "1/2-1/2"]
[WhiteElo "2351"]
[BlackElo "2551"]
[EventDate "2018.03.17"]
[PlyCount "37"]

1.d4 Nf6 2.c4 e6 3.Nf3 c5 4.d5 b5 5.dxe6 fxe6 6.Nc3 bxc4 7.e4 d5 8.Bg5 Bb7
9.Qe2 d4 10.e5 d3 11.Qd1 h6 12.Bh4 g5 13.exf6 gxh4 14.Ne5 Qxf6 15.Qh5+ Ke7
16.Ng6+ Kd7 17.Ne5+ Ke7 18.Ng6+ Kd7 19.Ne5+ 1/2-1/2

[Event "19th EUR-ch"]
[Site "Batumi GEO"]
[Date "2018.03.21"]
[Round "5.61"]
[White "Tsoi, Dmitry"]
[Black "Huschenbeth, Niclas"]
[Result "0-1"]
[WhiteElo "2347"]
[BlackElo "2549"]
[EventDate "2018.03.17"]
[PlyCount "110"]

1.e4 c5 2.Nf3 d6 3.d4 cxd4 4.Nxd4 Nf6 5.f3 e5 6.Nb3 d5 7.Bg5 d4 8.c3 Nc6 
9.cxd4 Bb4+ 10.Bd2 Nxe4 11.Bxb4 Qh4+ 12.g3 Nxg3 13.hxg3 Qxh1 14.Ba3 Bh3 
15.Qe2 O-O-O 16.N1d2 exd4 17.O-O-O Bxf1 18.Qxf1 Qxf1 19.Rxf1 f5 20.Kd1 b5 
21.Bc5 Rd5 22.a3 Kc7 23.Bb4 Kb6 24.Nb1 a5 25.Be1 a4 26.Nc1 Ne5 27.Bf2 Nxf3
28.Nd3 Re8 29.Rh1 h6 30.Nd2 Ng5 31.Rh4 Ne4 32.g4 Nxf2+ 33.Nxf2 fxg4 34.
Rxg4 g5 35.Nfe4 Rde5 36.Kc2 h5 37.Rxg5 Rxg5 38.Nxg5 h4 39.Kd3 h3 40.Ngf3 
Rc8 41.Ne4 Rg8 42.Kxd4 Rg2 43.Kc3 h2 44.Nxh2 Rxh2 45.Nd2 Kc5 46.Ne4+ Kc6 
47.Nd2 Kd5 48.Nb1 Rh3+ 49.Kc2 Kc4 50.Nc3 Rh2+ 51.Kc1 Kb3 52.Nxb5 Rc2+ 53.
Kb1 Rxb2+ 54.Kc1 Rc2+ 55.Kb1 Rd2 0-1

[Event "19th EUR-ch"]
[Site "Batumi GEO"]
[Date "2018.03.21"]
[Round "5.62"]
[White "Abdullayev, Elshad"]
[Black "Santos Latasa, Jaime"]
[Result "1/2-1/2"]
[WhiteElo "2168"]
[BlackElo "2549"]
[EventDate "2018.03.17"]
[PlyCount "98"]

1.d4 Nf6 2.c4 e6 3.Nf3 d5 4.g3 Bb4+ 5.Bd2 Be7 6.Bg2 c6 7.Qc2 b6 8.Ne5 Bb7 
9.O-O O-O 10.cxd5 cxd5 11.Rc1 Nfd7 12.Qc7 Ba6 13.Nxd7 Nxd7 14.e4 Nf6 15.
Qxd8 Rfxd8 16.e5 Ne8 17.Bf1 Bxf1 18.Kxf1 Rdc8 19.Rxc8 Rxc8 20.Nc3 Rc4 21.
Ne2 Nc7 22.b3 Rc6 23.a4 Kf8 24.Rc1 Rxc1+ 25.Nxc1 Ke8 26.Ke2 Kd7 27.Kd3 b5 
28.axb5 Nxb5 29.h4 f6 30.h5 Ke8 31.g4 Kf7 32.Ne2 a6 33.f4 f5 34.g5 Ke8 35.
Be1 Kd7 36.Bh4 Na7 37.Nc3 g6 38.hxg6 hxg6 39.Nd1 Bb4 40.Ne3 Kc6 41.Ng2 Kb5
42.Be1 Nc6 43.Bc3 a5 44.Nh4 Ne7 45.Bxb4 Kxb4 46.Kc2 Kb5 47.Kb2 Kb4 48.Kc2 
Kb5 49.Kb2 Kb4 1/2-1/2

[Event "19th EUR-ch"]
[Site "Batumi GEO"]
[Date "2018.03.21"]
[Round "5.63"]
[White "Sadikhov, Ulvi"]
[Black "Mamedov, Rauf"]
[Result "0-1"]
[WhiteElo "2477"]
[BlackElo "2709"]
[EventDate "2018.03.17"]
[PlyCount "60"]

1.e4 g6 2.d4 Bg7 3.Nc3 d6 4.g3 Nf6 5.Bg2 O-O 6.Nge2 e5 7.dxe5 dxe5 8.Qxd8 
Rxd8 9.Bg5 c6 10.h3 Na6 11.a3 Nc7 12.O-O Ne6 13.Be3 b6 14.Rfd1 Ba6 15.f3 
c5 16.Kf2 Nd4 17.Rd2 Ne8 18.Bxd4 exd4 19.Nd5 Rd7 20.Nef4 Nd6 21.b3 Re8 22.
Re1 f5 23.Nd3 c4 24.N3f4 d3 25.cxd3 Bd4+ 26.Ne3 cxd3 27.Nd5 fxe4 28.fxe4 
Nxe4+ 29.Bxe4 Rxe4 30.Kf3 Re8 0-1

[Event "19th EUR-ch"]
[Site "Batumi GEO"]
[Date "2018.03.21"]
[Round "5.64"]
[White "Jurcik, Marian"]
[Black "Matlakov, Maxim"]
[Result "0-1"]
[WhiteElo "2473"]
[BlackElo "2707"]
[EventDate "2018.03.17"]
[PlyCount "80"]

1.e4 d6 2.d4 Nf6 3.Nc3 g6 4.Nf3 Bg7 5.Be2 O-O 6.O-O c6 7.a4 Qc7 8.h3 e5 9.
dxe5 dxe5 10.Be3 Nh5 11.Bc4 Nf4 12.Qb1 Qe7 13.Kh2 Qf6 14.Ng1 h5 15.b4 Nd7 
16.a5 Re8 17.b5 Bf8 18.a6 Nc5 19.Qa2 h4 20.Rfd1 Nce6 21.axb7 Bxb7 22.Rd7 
Re7 23.Rxe7 Bxe7 24.bxc6 Bxc6 25.Nd5 Bxd5 26.Bxd5 Rc8 27.Bxe6 Nxe6 28.Qxa7
Bc5 29.Qb7 Qd8 30.Rd1 Bd4 31.Qb3 Qf6 32.Nf3 Rc3 33.Qb8+ Kh7 34.Bxd4 exd4 
35.Rd2 Rxf3 36.gxf3 Qxf3 37.Qb7 Qf4+ 38.Kg2 Qg5+ 39.Kh1 Qxd2 40.Qxf7+ Ng7 
0-1

[Event "19th EUR-ch"]
[Site "Batumi GEO"]
[Date "2018.03.21"]
[Round "5.65"]
[White "Kanmazalp, Ogulcan"]
[Black "Motylev, Alexander"]
[Result "1/2-1/2"]
[WhiteElo "2473"]
[BlackElo "2669"]
[EventDate "2018.03.17"]
[PlyCount "112"]

1.e4 c6 2.d4 d5 3.Nc3 dxe4 4.Nxe4 Nf6 5.Nxf6+ exf6 6.c3 Bd6 7.Bd3 O-O 8.
Qc2 Re8+ 9.Ne2 h5 10.O-O h4 11.h3 Nd7 12.c4 Nf8 13.Be3 Bc7 14.Rad1 Qd6 15.
Bf4 Rxe2 16.Bxd6 Rxc2 17.Ba3 Be6 18.d5 cxd5 19.cxd5 Rxf2 20.Rxf2 Bxd5 21.
Bh7+ Kxh7 22.Rxd5 Ne6 23.Kf1 Bg3 24.Rc2 Re8 25.Bb4 g5 26.Rd7 Kg6 27.Re7 
Rd8 28.Rd2 Rc8 29.Bc3 b5 30.a3 a5 31.Rb7 Rc5 32.Ke2 Be5 33.Bxe5 fxe5 34.
Rdd7 Rc2+ 35.Rd2 Nd4+ 36.Kd3 e4+ 37.Ke3 Nf5+ 38.Ke2 Rc5 39.b4 Ng3+ 40.Ke1 
axb4 41.axb4 Rc6 42.Rxb5 e3 43.Rd3 Rc1+ 44.Rd1 Rc2 45.Rd3 Rc1+ 46.Rd1 Rc3 
47.Rd6+ f6 48.Rbb6 Rc1+ 49.Rd1 Rc2 50.Rd3 Rc1+ 51.Rd1 Rc2 52.Rd3 Nf5 53.
Rd8 Rc1+ 54.Ke2 Rc2+ 55.Ke1 Rc1+ 56.Ke2 Rc2+ 1/2-1/2

[Event "19th EUR-ch"]
[Site "Batumi GEO"]
[Date "2018.03.21"]
[Round "5.66"]
[White "Meier, Georg"]
[Black "Vykouk, Jan"]
[Result "1-0"]
[WhiteElo "2648"]
[BlackElo "2445"]
[EventDate "2018.03.17"]
[PlyCount "121"]

1.Nf3 Nf6 2.c4 c5 3.Nc3 b6 4.g3 Bb7 5.Bg2 g6 6.b3 Bg7 7.Bb2 O-O 8.O-O d5 
9.Nxd5 Nxd5 10.Bxg7 Kxg7 11.cxd5 Qxd5 12.d4 Na6 13.dxc5 Nxc5 14.Qxd5 Bxd5 
15.Rfd1 Rfd8 16.Rac1 Rd6 17.b4 Ne6 18.Rxd5 Rxd5 19.Ng5 Nxg5 20.Bxd5 Rd8 
21.Bb3 Rd7 22.f3 Kf6 23.Kf2 Ne6 24.Rc8 Nd4 25.Bc4 Rd6 26.Ra8 b5 27.Bd3 Ra6
28.Rd8 e5 29.f4 Rxa2 30.Rd5 e4 31.Bxb5 Ne6 32.Bd7 Rb2 33.Bxe6 fxe6 34.Rd4 
Kf5 35.Rd7 e5 36.Rd5 Rxb4 37.Rxe5+ Kf6 38.Ra5 Rb1 39.Rxa7 h6 40.Ra6+ Kf5 
41.Ra5+ Kf6 42.Re5 Rb4 43.Ke3 Rb1 44.Kxe4 Rh1 45.h4 Rg1 46.Kf3 h5 47.Rg5 
Ra1 48.e4 Ra3+ 49.Ke2 Ra2+ 50.Kd3 Ra3+ 51.Kc2 Ra2+ 52.Kb3 Re2 53.e5+ Kf7 
54.Kc4 Re1 55.Kd5 Rd1+ 56.Ke4 Re1+ 57.Kf3 Ra1 58.f5 Rf1+ 59.Ke2 Rxf5 60.
Rxf5+ gxf5 61.Ke3 1-0

[Event "19th EUR-ch"]
[Site "Batumi GEO"]
[Date "2018.03.21"]
[Round "5.67"]
[White "Miron, Lucian-Costin"]
[Black "Alexandrov, Alexei"]
[Result "1/2-1/2"]
[WhiteElo "2471"]
[BlackElo "2630"]
[EventDate "2018.03.17"]
[PlyCount "35"]

1.d4 Nf6 2.c4 e6 3.Nf3 d5 4.Nc3 Bb4 5.Bg5 h6 6.Bxf6 Qxf6 7.Qa4+ Nc6 8.e3 
O-O 9.Rc1 Rd8 10.Be2 Bd7 11.Qc2 Be8 12.O-O Bf8 13.a3 a6 14.Rfd1 g6 15.cxd5
exd5 16.e4 dxe4 17.Nxe4 Qe7 18.Nc5 1/2-1/2

[Event "19th EUR-ch"]
[Site "Batumi GEO"]
[Date "2018.03.21"]
[Round "5.68"]
[White "Solak, Dragan"]
[Black "Beradze, Irakli"]
[Result "1/2-1/2"]
[WhiteElo "2629"]
[BlackElo "2464"]
[EventDate "2018.03.17"]
[PlyCount "66"]

1.e4 e5 2.Nf3 Nc6 3.Bb5 a6 4.Bxc6 dxc6 5.O-O f6 6.d4 Bg4 7.dxe5 Qxd1 8.
Rxd1 fxe5 9.Nbd2 Rd8 10.Re1 Bd6 11.h3 Bh5 12.Nh4 Ne7 13.Nc4 Bf7 14.Nxd6+ 
cxd6 15.f4 Rd7 16.fxe5 dxe5 17.Nf3 Ng6 18.b3 O-O 19.Bb2 Be6 20.Re3 Re8 21.
a4 c5 22.a5 c4 23.b4 Rdd8 24.Bc3 Bd7 25.Kh2 h6 26.g4 Bb5 27.h4 Re6 28.Rae1
Rde8 29.Rd1 Nf8 30.Kg3 Bc6 31.Nd2 Bb5 32.Nf3 Bc6 33.Nd2 Bb5 1/2-1/2

[Event "19th EUR-ch"]
[Site "Batumi GEO"]
[Date "2018.03.21"]
[Round "5.69"]
[White "Mindlin, Alon"]
[Black "Antipov, Mikhail"]
[Result "1/2-1/2"]
[WhiteElo "2442"]
[BlackElo "2616"]
[EventDate "2018.03.17"]
[PlyCount "62"]

1.d4 Nf6 2.c4 e6 3.Nc3 Bb4 4.e3 O-O 5.Bd3 c5 6.Nf3 Nc6 7.O-O Bxc3 8.bxc3 
d6 9.e4 e5 10.d5 Ne7 11.Nh4 Ng6 12.Nf5 Nf4 13.Re1 Nxd3 14.Qxd3 g6 15.Ng3 
Nd7 16.Rb1 f6 17.h4 Nb6 18.f4 Bg4 19.f5 Qd7 20.Rf1 Qg7 21.Rb2 Kh8 22.fxg6 
hxg6 23.h5 gxh5 24.Nf5 Bxf5 25.Rxf5 Qg6 26.g4 Rf7 27.Rxh5+ Rh7 28.Rxh7+ 
Kxh7 29.Qf3 Rh8 30.a4 Kg8 31.a5 Nxc4 1/2-1/2

[Event "19th EUR-ch"]
[Site "Batumi GEO"]
[Date "2018.03.21"]
[Round "5.70"]
[White "Pechac, Jergus"]
[Black "Can, Emre"]
[Result "1-0"]
[WhiteElo "2440"]
[BlackElo "2603"]
[EventDate "2018.03.17"]
[PlyCount "67"]

1.g3 g6 2.Bg2 Bg7 3.d4 d5 4.Nf3 Nf6 5.O-O O-O 6.c4 c6 7.cxd5 cxd5 8.Nc3 
Ne4 9.Ne5 Nxc3 10.bxc3 b6 11.a4 Bb7 12.Qb3 Nd7 13.f4 e6 14.Ba3 Re8 15.a5 
Ba6 16.axb6 axb6 17.Qb2 Nxe5 18.fxe5 Bc4 19.h4 f5 20.Bd6 Rxa1 21.Rxa1 g5 
22.h5 Bh6 23.g4 Bf8 24.Bxf8 Rxf8 25.Ra7 fxg4 26.Qb1 Rf5 27.Qa1 Rf8 28.h6 
Kh8 29.Qb1 Rf5 30.Qxb6 Qg8 31.Rg7 Qf8 32.Qxe6 Bxe2 33.Rg8+ Qxg8 34.Qxf5 
1-0

[Event "19th EUR-ch"]
[Site "Batumi GEO"]
[Date "2018.03.21"]
[Round "5.71"]
[White "Bernotas, Arturs"]
[Black "Donchenko, Alexander"]
[Result "1/2-1/2"]
[WhiteElo "2436"]
[BlackElo "2588"]
[EventDate "2018.03.17"]
[PlyCount "95"]

1.e4 c6 2.Nc3 d5 3.d4 dxe4 4.Nxe4 Bf5 5.Ng3 Bg6 6.h4 h6 7.Nf3 Nd7 8.h5 Bh7
9.Bd3 Bxd3 10.Qxd3 e6 11.Bd2 Ngf6 12.O-O-O Be7 13.Ne4 Nxe4 14.Qxe4 Nf6 15.
Qe2 Qd5 16.c4 Qe4 17.Qxe4 Nxe4 18.Be3 f5 19.Rhe1 O-O 20.Kc2 Bd6 21.Re2 Nf6
22.Rh1 Rac8 23.b3 Rfe8 24.Bc1 a6 25.Rhe1 Bb4 26.Rh1 Rcd8 27.Bb2 Ba5 28.Ne5
Bb6 29.Rh4 Bc7 30.f3 Bd6 31.Rh1 Nd7 32.Nd3 Bb8 33.Bc3 Ba7 34.Nf4 Nf8 35.
Rd1 Bb8 36.Nd3 Nd7 37.g4 Ba7 38.Nf4 fxg4 39.fxg4 Nf6 40.Nxe6 Rd6 41.Rde1 
Nxg4 42.Rg2 Rdxe6 43.Rxe6 Rxe6 44.Rxg4 Re7 45.Kd3 Rd7 46.Ke4 Re7+ 47.Kd3 
Rd7 48.Ke4 1/2-1/2

[Event "19th EUR-ch"]
[Site "Batumi GEO"]
[Date "2018.03.21"]
[Round "5.72"]
[White "Esipenko, Andrey"]
[Black "Yankelevich, Lev"]
[Result "1-0"]
[WhiteElo "2581"]
[BlackElo "2437"]
[EventDate "2018.03.17"]
[PlyCount "63"]

1.d4 Nf6 2.c4 g6 3.Nc3 Bg7 4.e4 d6 5.Be2 O-O 6.Be3 Na6 7.g4 c5 8.d5 Qd7 9.
h3 e5 10.g5 Ne8 11.Bg4 Qe7 12.Bxc8 Rxc8 13.h4 f5 14.Nf3 f4 15.Bd2 h5 16.
gxh6 Bxh6 17.Qe2 Kf7 18.O-O-O Rh8 19.Rdg1 Ng7 20.Rg2 Rcg8 21.Rhg1 Ne8 22.
Nb5 b6 23.Bc3 Nac7 24.Nxd6+ Nxd6 25.Bxe5 Bg7 26.Bxd6 Qxd6 27.e5 Qf8 28.
Rxg6 Rh6 29.Qe4 Ke8 30.d6 Ne6 31.Rxe6+ Rxe6 32.Qc6+ 1-0

[Event "19th EUR-ch"]
[Site "Batumi GEO"]
[Date "2018.03.21"]
[Round "5.73"]
[White "Wagner, Dennis"]
[Black "Perunovic, Miodrag"]
[Result "1-0"]
[WhiteElo "2566"]
[BlackElo "2429"]
[EventDate "2018.03.17"]
[PlyCount "57"]

1.e4 c5 2.Nf3 g6 3.c4 Bg7 4.d4 cxd4 5.Nxd4 Nc6 6.Be3 Nf6 7.Nc3 d6 8.Be2 
O-O 9.O-O Bd7 10.Nc2 Qa5 11.f4 Rfc8 12.Rb1 Qd8 13.Qe1 Bg4 14.Bd3 Be6 15.h3
a5 16.Na4 Ra6 17.b3 Nb8 18.Qf2 Bd7 19.Nb6 Rc6 20.Nd5 e6 21.Nxf6+ Qxf6 22.
b4 Ra8 23.b5 Rc8 24.e5 dxe5 25.Be4 exf4 26.Bxb7 Qe7 27.Bxf4 e5 28.Bg5 f6 
29.Bxf6 1-0